Normal view
MARC view
- ADVANCES CALCULAS ACC NO-30159
Entry Topical Term
001 - CONTROL NUMBER
- control field: 72331
003 - CONTROL NUMBER IDENTIFIER
- control field: NUST
005 - DATE AND TIME OF LATEST TRANSACTION
- control field: 20210628204758.0
008 - FIXED-LENGTH DATA ELEMENTS
- fixed length control field: 210628|| aca||aabn | a|a d
040 ## - CATALOGING SOURCE
- Original cataloging agency: NUST
- Transcribing agency: NUST
150 ## - HEADING--TOPICAL TERM
- Topical term or geographic name entry element: ADVANCES CALCULAS ACC NO-30159
670 ## - SOURCE DATA FOUND
- Source citation: Work cat.: (NUST): Kaplan, Wilford 72330, Advanced calculas, 1991
